Lucy Vincent, Jacques Le Brun. Des hormones à l’union mystique (notice n° 2038546)
[ vue normale ]
| 000 -LEADER | |
|---|---|
| fixed length control field | 00789cam a2200265 4500500 |
| 005 - DATE AND TIME OF LATEST TRANSACTION | |
| control field | 20260405000555.0 |
| 041 ## - LANGUAGE CODE | |
| Language code of text/sound track or separate title | fre |
| 042 ## - AUTHENTICATION CODE | |
| Authentication code | dc |
| 100 10 - MAIN ENTRY--PERSONAL NAME | |
| Personal name | Vincent, Lucy |
| Relator term | author |
| 245 00 - TITLE STATEMENT | |
| Title | Lucy Vincent, Jacques Le Brun. Des hormones à l’union mystique |
| 260 ## - PUBLICATION, DISTRIBUTION, ETC. | |
| Date of publication, distribution, etc. | 2008.<br/> |
| 500 ## - GENERAL NOTE | |
| General note | 32 |
| 690 ## - LOCAL SUBJECT ADDED ENTRY--TOPICAL TERM (OCLC, RLIN) | |
| Topical term or geographic name as entry element | Couple |
| 690 ## - LOCAL SUBJECT ADDED ENTRY--TOPICAL TERM (OCLC, RLIN) | |
| Topical term or geographic name as entry element | Famille |
| 690 ## - LOCAL SUBJECT ADDED ENTRY--TOPICAL TERM (OCLC, RLIN) | |
| Topical term or geographic name as entry element | Indépendance |
| 690 ## - LOCAL SUBJECT ADDED ENTRY--TOPICAL TERM (OCLC, RLIN) | |
| Topical term or geographic name as entry element | Individualité |
| 690 ## - LOCAL SUBJECT ADDED ENTRY--TOPICAL TERM (OCLC, RLIN) | |
| Topical term or geographic name as entry element | Jacques Le Brun |
| 690 ## - LOCAL SUBJECT ADDED ENTRY--TOPICAL TERM (OCLC, RLIN) | |
| Topical term or geographic name as entry element | Liberté |
| 690 ## - LOCAL SUBJECT ADDED ENTRY--TOPICAL TERM (OCLC, RLIN) | |
| Topical term or geographic name as entry element | Lucy Vincent |
| 690 ## - LOCAL SUBJECT ADDED ENTRY--TOPICAL TERM (OCLC, RLIN) | |
| Topical term or geographic name as entry element | Passion |
| 700 10 - ADDED ENTRY--PERSONAL NAME | |
| Personal name | Le Brun, Jacques |
| Relator term | author |
| 700 10 - ADDED ENTRY--PERSONAL NAME | |
| Personal name | Cerf, Juliette |
| Relator term | author |
| 786 0# - DATA SOURCE ENTRY | |
| Note | Philosophie magazine | 18 | 4 | 2008-04-01 | p. 18-19 | 1951-1787 |
| 856 41 - ELECTRONIC LOCATION AND ACCESS | |
| Uniform Resource Identifier | <a href="https://shs.cairn.info/magazine-philosophie-magazine-2008-4-page-18?lang=fr&redirect-ssocas=7080">https://shs.cairn.info/magazine-philosophie-magazine-2008-4-page-18?lang=fr&redirect-ssocas=7080</a> |
Pas d'exemplaire disponible.




Réseaux sociaux